| 000 | 00532nam a2200193Ia 4500 | ||
|---|---|---|---|
| 005 | 20250508165606.0 | ||
| 008 | 008 250505s9999 xx 000 0 eng d | ||
| 037 | _aTextual | ||
| 040 |
_aFEDL _beng _cFEDL |
||
| 041 |
_aeng _2eng |
||
| 084 |
_a003.5, MAK _qFEDL |
||
| 100 |
_aMAKAROV I.M. _9297010 |
||
| 245 | 0 | _aCybermetics of living matter:Nature,Man,Information | |
| 260 |
_aRussia _bMir Publishers _c1987 |
||
| 300 | _a364 | ||
| 365 |
_aINR _b17.75 |
||
| 942 |
_cTEXL _h003.5, MAK |
||
| 999 |
_c1396069 _d1396069 |
||